Jana Šimulčíková: Už dočiahnem na kľučku

Bibliographic Details
Main Author: Rojček, František, 1949-2024 (Author)
Format: Article
Language:Slovak
ISSN:1335-7263
Subjects:

MARC

LEADER 00000nab a2200000 a 4500
001 vtls009524220
003 SK-MaSNL
005 20260418034619.0
008 140429c2009 xo |r|p|||||||000 b|slo
015 |a SNBRB2009/06  |2 snkbucl 
038 |a SNKBUCL 
040 |a SNKBUCL  |b slo  |c SNKBUCL  |e AACR2 
041 0 |a slo 
044 |a xo  |c SK 
080 |a 82.09:821.162.4-93  |x (048)  |2 2001 
080 |a 821.162.4-93  |x (048)  |2 2001 
080 |a 821.162.4-1  |x (0.053.2)  |x (048)  |2 2001 
100 1 |a Rojček, František,  |d 1949-2024  |4 aut  |9 122003 
245 1 0 |a Jana Šimulčíková: Už dočiahnem na kľučku  |c František Rojček 
650 0 7 |a slovenská poézia  |2 snkbucl  |9 215422 
650 0 7 |a poézia pre deti  |2 SNKPH  |9 31212 
655 7 |a recenzie  |2 snkbucl  |9 21907 
655 7 |a publikácie pre deti  |2 snkbucl  |9 70148 
773 0 |t Bibiana  |g Roč. XVI, č. 1 (2009), s. 68-69  |x 1335-7263 
787 0 8 |i Rec.:  |a Šimulčíková, Jana, 1937-  |t Už dočiahnem na kľučku  |d Bratislava : Buvik, 2008  |z 9788089028870 
852 |a SNK  |b KIS3GCP 
958 |a LX 
958 |a SK 
958 |a RC 
999 |c 2225740  |d 2227670